معر و ضی سو ا لا ت معا لجا ت (Record no. 87656)

MARC details
000 -LEADER
fixed length control field 01372nam a22002657a 4500
005 - DATE AND TIME OF LATEST TRANSACTION
control field 20170419125646.0
008 - FIXED-LENGTH DATA ELEMENTS--GENERAL INFORMATION
fixed length control field 140714b xxu||||| |||| 00| 0 Urdu d
010 ## - LCCN (DPL NO)
LC control number UR-215 B-548181-184 B-666000
020 ## - INTERNATIONAL STANDARD BOOK NUMBER
Terms of availability 200.00
035 ## - SYSTEM CONTROL NUMBER
System control number U-215 B-548181-184 B-666000
037 ## - SOURCE OF ACQUISITION
Source of stock number/acquisition BPPD/Publishers/Venders
037 ## - SOURCE OF ACQUISITION
Source of stock number/acquisition K.K.Publications(Ven.)/ Idara Kitab -ul- Shifa(Pub.)
040 ## - CATALOGING SOURCE
Original cataloging agency DPL
Language of cataloging Urdu
082 ## - DEWEY DECIMAL CLASSIFICATION NUMBER
Classification number 615.53
100 ## - MAIN ENTRY--PERSONAL NAME
Personal name فضل الر حمن کا ظمی
245 ## - TITLE STATEMENT
Title معر و ضی سو ا لا ت معا لجا ت
Statement of responsibility, etc فضل الر حمن کا ظمی
246 ## - VARYING FORM OF TITLE
Title proper/short title Maroozi Sawalat Moulijat
Remainder of title by Fazalurehman Kazmi
260 ## - PUBLICATION, DISTRIBUTION, ETC. (IMPRINT)
Name of publisher, distributor, etc Idara Kitab -US-Shifa.
-- K.K.P.( Vender)
Date of publication, distribution, etc 2010
260 ## - PUBLICATION, DISTRIBUTION, ETC. (IMPRINT)
Place of publication, distribution, etc 4806/24,Bharat Ram Road,Dariya Gunj,New Delhi-2
270 ## - ADDRESS
Address 2075,مسجد مزا ر وا لی کو چہ چيلا ن، د ر يا گنج
City نئ دھلی
Postal code 110002
Telephone number 011-23283494
300 ## - PHYSICAL DESCRIPTION
Extent 272ص
Dimensions 22Cm(Pb)
942 ## - ADDED ENTRY ELEMENTS (KOHA)
Source of classification or shelving scheme Dewey Decimal Classification
Item type Urdu Bks
Call number suffix ک ا ظ
Classification part 615.53
Holdings
Withdrawn status Lost status Source of classification or shelving scheme Damaged status Not for loan Collection code Home library Current library Date acquired Source of acquisition Cost, normal purchase price Total Checkouts Full call number Barcode Date last seen Copy number Cost, replacement price Koha item type
    Dewey Decimal Classification     Non-fiction Ashok Vihar Ashok Vihar 19/04/2017 BPPD/UR/2014-15/AV/16-17/658/KKP/936/7.3.17/8.3.17 200.00   615.53 ک ا ظ B-666000 19/04/2017 1 200.00 Urdu Bks
    Dewey Decimal Classification     Non-fiction Central Library Central Library 11/12/2014 BPPD/UR/2014-15/1.8.14/KKP/1351/12.8.14/2.9.14 200.00   615.53 ک ا ظ B-548181 11/12/2014 1 200.00 Urdu Bks
    Dewey Decimal Classification     Non-fiction Mobile Library Mobile Library 11/12/2014 BPPD/UR/2014-15/1.8.14/KKP/1351/12.8.14/2.9.14 200.00   615.53 ک ا ظ B-548182 11/12/2014 1 200.00 Urdu Bks
    Dewey Decimal Classification     Non-fiction Patel Nagar Patel Nagar 11/12/2014 BPPD/UR/2014-15/1.8.14/KKP/1351/12.8.14/2.9.14 200.00   615.53 ک ا ظ B-548183 11/12/2014 1 200.00 Urdu Bks
    Dewey Decimal Classification     Non-fiction Sarojini Nagar Sarojini Nagar 11/12/2014 BPPD/UR/2014-15/1.8.14/KKP/1351/12.8.14/2.9.14 200.00   615.53 ک ا ظ B-548184 11/12/2014 1 200.00 Urdu Bks

© Delhi Public Library
Hit Counter
free hit counter